003570000a22001450004500060000800000082002200008100001600030100001800046100001900064245007000083260002200153260000900175300000800184650001900192 a100 a305.509 54 FAR.02 aNaidu, I.J. aRandhawa, M S aSivaraman, M.s aFarmers of India, V.2 : Madras, Andhra Pradesh, Mysore and Kerala aNewdelhi, I C A R c1961 a428 aIndian farmers